000 00398nam a2200181Ia 4500
005 20250603145802.0
008 250603s9999 xx 000 0 und d
020 _a9780323368
050 _aPR 2976 .D37/
100 _aDasylve, A. O.
245 0 _aStudies in drama
260 _aIbadan
260 _bStirling-Horden
260 _c2004
300 _a187 p
650 _aIbadan
942 _cBK
999 _c42848
_d42848